| 000 | 01967nam a2200265 i 4500 | ||
|---|---|---|---|
| 005 | 20250329165423.0 | ||
| 007 | ta | ||
| 008 | 200622s2024 000 0 eng d | ||
| 040 |
_aCO-CtgCURN _bspa _ccoctgcurn _erda |
||
| 082 | 0 |
_aCOP 2024 _bV297 |
|
| 100 | 1 |
_aVargas Acevedo, Andru José, _eauthor. _4aut |
|
| 245 | 1 | 3 |
_aConsecuencias económicas por lavado de activos en entidades comerciales en la última década en la costa de Colombia / _cAndru José Vargas Acevedo; Director: Kenneth Licona. |
| 260 |
_aCartagena de Indias : _bCorporación Universitaria Rafael Núñez, _c2024. |
||
| 300 | _a34 hojas. | ||
| 336 |
_atext _btxt _2rdacontent |
||
| 337 |
_aunmediated _bn _2rdamedia |
||
| 338 |
_avolume _bnc _2rdacarrier |
||
| 502 | _aTrabajo de grado (Contador público). Corporación Universitaria Rafael Núñez. Facultad de Ciencias Administrativas y Contables. Programa de Contaduría Pública, 2024. | ||
| 520 | 8 | _a"El lavado de dinero es un problema global que afecta la estabilidad socioeconómica de las naciones. Colombia, con su larga costa que se extiende a lo largo del Pacífico y el Caribe, no es una excepción a esta actividad criminal. Las consecuencias del lavado de dinero en la costa colombiana son perjudiciales para el desarrollo del país, obstaculizando el crecimiento económico, distorsionando los mercados financieros y contribuyendo a mayores niveles de corrupción y crimen organizado. Este proyecto tiene como objetivo explorar y arrojar luz sobre las consecuencias del lavado de dinero en las regiones costeras de Colombia." | |
| 650 | 0 |
_aContaduría pública _xTesis y disertaciones académicas. |
|
| 700 | 1 |
_aLicona, Kenneth, _casesor. |
|
| 856 | 7 |
_uhttps://unicurn.sharepoint.com/:b:/s/biblioteca/EZLUF2GxEdlEhZxXmyxtTEkB98fozTkYbNuUrAcqASe3Eg?e=fLFEJ1 _zClick para ver el recurso en texto completo |
|
| 942 |
_2ddc _aMHC _bMHC _cTG _hCOP 2024 _iV297 |
||
| 999 |
_c3407 _d3407 |
||